00397nam a2200157Ia 450000500170000000800410001704000190005804100120007708200130008924500320010226000320013430000170016644000280018365000180021185000100022920250114110918.0131103s9999 xx 000 0 und d aLoreto College aEnglish a900bNEW 4aThe new age History readers aLondonbThomas Nelsonc1929 a176p.b pic. aThe Royal School Series aIndia history aLCBED